| 000 | 00000nam 2200000za 4500 |
| 001 | 9.816666 |
| 003 | CaOODSP |
| 005 | 20221107142311 |
| 007 | cr ||||||||||| |
| 008 | 160502s2015||||onca||||o f00| 0 fre d |
| 040 | |aCaOODSP|bfre |
| 041 | |afre|aeng |
| 043 | |an-cn--- |
| 086 | 1 |aIu96-4/2015-PDF |
| 245 | 00|aIndustrial and Technological Benefits (ITB) |h[ressource électronique] = |bRetombées industrielles et technologiques (RIT). |
| 246 | 31|aRetombées industrielles et technologiques (RIT) |
| 260 | |a[Ottawa] : |bAgence fédérale de développement économique pour le Sud de l’Ontario, |cc2015. |
| 300 | |a2 p. : |bill. |
| 546 | |aTexte en français et en anglais. |
| 691 | 07|aDéveloppement technologique|2gcpds |
| 710 | 2 |aAgence fédérale de développement économique pour le sud de l'Ontario (Canada) |
| 791 | |tIndustrial and Technological Benefits (ITB) |eeng|w(CaOODSP)9.816643 |
| 856 | 40|ahttp://publications.gc.ca|qPDF|s3.10 Mo|uhttps://publications.gc.ca/collections/collection_2016/feddevontario/Iu96-4-2015.pdf |